[Event "Olympiad-43"]
[Site "Batumi"]
[Date "2018.10.05"]
[Round "11.4"]
[White "Fitzsimons, David"]
[Black "Ahmed, Ashraf"]
[Result "1-0"]
[WhiteElo "2316"]
[BlackElo "1863"]
[PlyCount "51"]
[EventDate "2018.09.24"]
[EventType "team-swiss"]
[EventRounds "11"]
[EventCountry "GEO"]
[SourceTitle "CBM 187"]
[Source "ChessBase"]
[SourceDate "2018.12.11"]
[SourceVersion "1"]
[SourceVersionDate "2018.12.11"]
[SourceQuality "1"]
[WhiteTeam "Ireland"]
[BlackTeam "Maldives"]
[WhiteTeamCountry "IRL"]
[BlackTeamCountry "MDV"]

1. e4 c5 2. Nf3 d6 3. Nc3 Nf6 4. e5 dxe5 5. Nxe5 e6 6. Bb5+ Nbd7 7. d4 a6 8. Bxd7+ Nxd7 9. Qh5 g6 10. Qf3 Qf6 11. Qxf6 Nxf6 12. Bg5 Nd7 13. Ne4 cxd4 14. Nxd7 Kxd7 15. Bf6 Rg8 16. 0-0-0 b5 17. Bxd4 Kc6 18. Rd3 Kb7 19. Rhd1 Be7 20. Be5 Rf8 21. Rc3 Ra7 22. Rc7+ Ka8 23. Rc3 f5 24. Nd6 Bxd6 25. Rxd6 Bd7 26. Bd4 1-0

[Event "Olympiad-43"]
[Site "Batumi"]
[Date "2018.09.30"]
[Round "6.72"]
[White "Nsubuga, Haruna"]
[Black "Ahmed, Ashraf"]
[Result "1-0"]
[WhiteElo "2222"]
[BlackElo "1863"]
[PlyCount "67"]
[EventDate "2018.09.24"]
[EventType "team-swiss"]
[EventRounds "11"]
[EventCountry "GEO"]
[SourceTitle "CBM 187"]
[Source "ChessBase"]
[SourceDate "2018.12.11"]
[SourceVersion "1"]
[SourceVersionDate "2018.12.11"]
[SourceQuality "1"]
[WhiteTeam "Uganda"]
[BlackTeam "Maldives"]
[WhiteTeamCountry "UGA"]
[BlackTeamCountry "MDV"]

1. d4 Nf6 2. Nf3 e6 3. g3 c5 4. c3 d5 5. Bg2 Be7 6. 0-0 0-0 7. Na3 a6 8. Nc2 b6 9. Ne5 Bb7 10. Ne1 Nbd7 11. N1d3 Rc8 12. Bg5 Ne4 13. Bxe7 Qxe7 14. f3 Nd6 15. a4 f6 16. Nxd7 Qxd7 17. a5 c4 18. Nb4 b5 19. Bh3 Rce8 20. Qd2 Qe7 21. Rfe1 Qf7 22. Rad1 Nc8 23. e4 Ne7 24. Qf4 e5 25. dxe5 Ng6 26. e6 Qe7 27. Qe3 dxe4 28. Rd7 exf3 29. Rxe7 Rxe7 30. Qc5 Rd8 31. Bf5 Rd2 32. Bxg6 f2+ 33. Qxf2 Rxf2 34. Bf7+ 1-0

[Event "Asian Indoor Games 5th"]
[Site "Ashkhabad"]
[Date "2017.09.21"]
[Round "1"]
[White "Hossain, Enamul"]
[Black "Ahmed, Ashraf"]
[Result "1-0"]
[WhiteElo "2432"]
[BlackElo "1873"]
[PlyCount "49"]
[EventDate "2017.09.21"]
[EventType "swiss"]
[EventRounds "7"]
[EventCountry "TKM"]
[SourceTitle "CBM 180 Extra"]
[Source "ChessBase"]
[SourceDate "2017.10.06"]
[SourceVersion "1"]
[SourceVersionDate "2017.10.06"]
[SourceQuality "1"]

1. e4 c5 2. Nf3 d6 3. d4 cxd4 4. Nxd4 Nf6 5. Nc3 e6 6. g4 Be7 7. g5 Nfd7 8. Rg1 a6 9. Be3 Nc6 10. Qh5 Nde5 11. 0-0-0 g6 12. Qh6 Bf8 13. Qh3 Qc7 14. f4 Nd7 15. Bg2 Bg7 16. Nxe6 fxe6 17. Qxe6+ Kf8 18. Rxd6 Nd8 19. Qd5 Nf7 20. e5 Nxd6 21. exd6 Qd8 22. Re1 Nb8 23. Bc5 Qd7 24. Re7 Qf5 25. d7 1-0

[Event "Olympiad-42"]
[Site "Baku"]
[Date "2016.09.05"]
[Round "4.2"]
[White "Ahmed, Ashraf"]
[Black "Wanyama, Harold"]
[Result "0-1"]
[WhiteElo "1880"]
[BlackElo "2251"]
[PlyCount "74"]
[EventDate "2016.09.02"]
[EventType "team-swiss"]
[EventRounds "11"]
[EventCountry "AZE"]
[SourceTitle "CBM 175"]
[Source "ChessBase"]
[SourceDate "2016.11.10"]
[SourceVersion "1"]
[SourceVersionDate "2016.11.10"]
[SourceQuality "1"]
[WhiteTeam "Maldives"]
[BlackTeam "Uganda"]
[WhiteTeamCountry "MDV"]
[BlackTeamCountry "UGA"]

1. e4 c5 2. c3 Nf6 3. e5 Nd5 4. Nf3 e6 5. a3 Be7 6. b4 b6 7. c4 Nc7 8. b5 a6 9. Nc3 axb5 10. cxb5 Bb7 11. d4 0-0 12. dxc5 Bxc5 13. Be2 f6 14. Na4 fxe5 15. Nxc5 bxc5 16. Bg5 Qc8 17. 0-0 e4 18. Nd2 Rf5 19. h4 d5 20. Bg4 Nxb5 21. Bxf5 exf5 22. f3 Nc3 23. Qb3 Ne2+ 24. Kf2 Nd4 25. Qb2 Nbc6 26. Be3 Ne5 27. Qb1 Nd3+ 28. Kg1 Ne2+ 29. Kh2 Qc7+ 30. f4 d4 31. Qb3+ Kh8 32. Bg1 Ndxf4 33. g3 Nd3 34. Bf2 f4 35. Be1 fxg3+ 36. Kg2 e3+ 37. Nf3 Ndf4+ 0-1

[Event "Olympiad-42"]
[Site "Baku"]
[Date "2016.09.04"]
[Round "3.2"]
[White "Gebregziabher, Brehane Gebre Mic"]
[Black "Ahmed, Ashraf"]
[Result "1-0"]
[WhiteElo "1933"]
[BlackElo "1880"]
[PlyCount "121"]
[EventDate "2016.09.02"]
[EventType "team-swiss"]
[EventRounds "11"]
[EventCountry "AZE"]
[SourceTitle "CBM 175"]
[Source "ChessBase"]
[SourceDate "2016.11.10"]
[SourceVersion "1"]
[SourceVersionDate "2016.11.10"]
[SourceQuality "1"]
[WhiteTeam "Ethiopia"]
[BlackTeam "Maldives"]
[WhiteTeamCountry "ETH"]
[BlackTeamCountry "MDV"]

1. d4 Nf6 2. c4 e6 3. Bg5 Be7 4. Nc3 d5 5. e3 a6 6. Bxf6 Bxf6 7. Nf3 dxc4 8. Bxc4 b5 9. Bd3 Bb7 10. 0-0 Nd7 11. b4 0-0 12. e4 Nb6 13. Ne2 Rc8 14. Qc2 g6 15. Rfd1 Qd7 16. Rac1 Rfd8 17. Qb3 Bg7 18. Bc2 Qe7 19. h3 Kh8 20. a3 Rd7 21. Ng3 Rcd8 22. Qc3 h6 23. Bb3 h5 24. Qe3 Kh7 25. Ng5+ Kh8 26. Ne2 Kg8 27. f4 Nc8 28. g4 hxg4 29. hxg4 Bh6 30. Nf3 Nd6 31. Ng3 Bg7 32. g5 Nc8 33. Rd2 Nb6 34. Kf2 Nc8 35. Ne5 Bxe5 36. fxe5 Kg7 37. Rh1 Nb6 38. Ne2 Rh8 39. Rxh8 Kxh8 40. Qh3+ Kg8 41. Qh4 Qf8 42. Rd1 Qg7 43. Rh1 Nc8 44. Ke3 Ne7 45. Rh3 Nc6 46. Rh2 a5 47. Qh3 axb4 48. axb4 Nxb4 49. Nf4 Re7 50. Qh4 Nc6 51. Qh3 Nb8 52. Nd3 Nd7 53. Qg3 Re8 54. Nf2 c5 55. dxc5 Nxe5 56. Rh1 Nd7 57. Qc7 Qc3+ 58. Nd3 Nxc5 59. Qxc5 Qxb3 60. Qe5 Kf8 61. Qf6 1-0

[Event "Olympiad-41"]
[Site "Tromsoe"]
[Date "2014.08.14"]
[Round "11.1"]
[White "Ahmed, Ashraf"]
[Black "Muniz Pardino, Alberto"]
[Result "1/2-1/2"]
[WhiteElo "1817"]
[BlackElo "2106"]
[PlyCount "74"]
[EventDate "2014.08.02"]
[EventType "team-swiss"]
[EventRounds "11"]
[EventCountry "NOR"]
[SourceTitle "CBM 162"]
[Source "ChessBase"]
[SourceDate "2014.09.17"]
[SourceVersion "1"]
[SourceVersionDate "2014.09.17"]
[SourceQuality "1"]
[WhiteTeam "Maldives"]
[BlackTeam "Hong Kong"]
[WhiteTeamCountry "MDV"]
[BlackTeamCountry "HKG"]

1. e4 c5 2. Nf3 d6 3. Bc4 Nc6 4. Nc3 Nf6 5. d4 cxd4 6. Nxd4 Qb6 7. Nb3 e6 8. 0-0 Be7 9. Bg5 a6 10. Bxf6 gxf6 11. Be2 Bd7 12. a3 Rc8 13. Qd2 Na5 14. Nxa5 Qxa5 15. Kh1 Rg8 16. f4 Bc6 17. Bf3 f5 18. b4 Qc7 19. Rae1 fxe4 20. Nxe4 d5 21. Ng3 Bd7 22. f5 Rxg3 23. hxg3 Qxg3 24. fxe6 Qh4+ 25. Kg1 fxe6 26. Re5 Rxc2 27. Qe3 Bd6 28. Rxe6+ Bxe6 29. Qxe6+ Qe7 30. Bh5+ Kd8 31. Qg8+ Kc7 32. Rf7 Rc1+ 33. Kf2 Rc2+ 34. Kf3 Rc3+ 35. Kf2 Rc2+ 36. Kf1 Rc1+ 37. Kf2 Rc2+ 1/2-1/2

[Event "Olympiad-40"]
[Site "Istanbul"]
[Date "2012.09.05"]
[Round "8.4"]
[White "Porper, Edward"]
[Black "Ahmed, Ashraf"]
[Result "1-0"]
[WhiteElo "2418"]
[BlackElo "1784"]
[PlyCount "87"]
[EventDate "2012.08.28"]
[EventType "team-swiss"]
[EventRounds "11"]
[EventCountry "TUR"]
[SourceTitle "CBM 151"]
[Source "ChessBase"]
[SourceDate "2012.11.13"]
[SourceVersion "1"]
[SourceVersionDate "2012.11.13"]
[SourceQuality "1"]
[WhiteTeam "Canada"]
[BlackTeam "Maldives"]
[WhiteTeamCountry "CAN"]
[BlackTeamCountry "MDV"]

1. d4 Nf6 2. c4 e6 3. Nf3 d5 4. Nc3 Bb4 5. cxd5 Nxd5 6. Bd2 c5 7. a3 Bxc3 8. bxc3 cxd4 9. cxd4 0-0 10. e4 Nf6 11. Bd3 Nc6 12. e5 Nxe5 13. dxe5 Qxd3 14. exf6 b6 15. Bb4 Qe4+ 16. Qe2 Qxe2+ 17. Kxe2 Ba6+ 18. Ke3 Rfd8 19. Rhd1 Bb7 20. Be7 Rd5 21. Rxd5 Bxd5 22. Rc1 gxf6 23. Bxf6 b5 24. Ne5 a5 25. Rc7 b4 26. Nxf7 bxa3 27. Nd6 a2 28. Rg7+ Kf8 29. Rc7 Rd8 30. Rc8 Rxc8 31. Nxc8 Bxg2 32. Nd6 Bd5 33. Kf4 h6 34. Bc3 Ke7 35. Ne4 Kd7 36. Ke5 Kc6 37. f4 Kb5 38. Nd2 Kc6 39. h4 a4 40. h5 Kc5 41. Kf6 Kd6 42. Kg6 Ke7 43. Kxh6 Kf7 44. Kg5 1-0